| 000 | 00644nam a2200193 a 4500 | ||
|---|---|---|---|
| 005 | 20230517063640.0 | ||
| 008 | 031201s2003 mx r 000 0 spa d | ||
| 020 | _a9709358804 | ||
| 035 | _aUPN01000131063 | ||
| 049 | _aCG | ||
| 050 | 4 |
_aLB2326.3 _bA7.2 |
|
| 100 | 1 | _aArriaga Alvarez, Emilio Gerardo | |
| 245 | 1 | 4 |
_aUna aproximación a la formación de investigadores desde el nivel medio superior de la UAEM / _cEmilio Gerardo Arriaga Alvarez. |
| 260 |
_aToluca : _bUAEM, _c2003. |
||
| 300 |
_a90 p. : _bcuadros, gráfs. |
||
| 650 | 4 |
_aEducación superior _xInvestigación _913625 |
|
| 650 | 4 |
_aOrientación vocacional _95 |
|
| 905 | _aLibro | ||
| 999 |
_c103218 _d103218 |
||